First 10 powers of 3... In one minute - Statistics

General Stats
  • This quiz has been taken 88 times
  • The average score is 7 of 10
Answer Stats
Hint Answer % Correct
3^3 27
100%
3^1 3
100%
3^2 9
100%
3^4 81
89%
3^5 243
85%
3^6 729
72%
3^7 2187
62%
3^8 6561
43%
3^9 19683
34%
3^10 59049
21%
No matching quizzes found
Score Distribution
Percent of People with Each Score
Percentile by Number Answered
Your Score History
You have not taken this quiz